Statistics for Oxford Dictionaries Top 1000 English Words - 117 Start with S

Click here to take the quiz!

General Stats

  • This quiz has been taken 7,243 times
  • The average score is 44 of 117

Answer Stats

S% Correct
So
99%
See
91%
Say
83%
Sit
82%
Some
82%
Star
80%
Same
76%
Son
76%
She
74%
Sell
71%
Start
69%
Send
64%
Stand
64%
Stop
64%
Save
61%
Set
61%
Stay
61%
Six
60%
Sale
59%
Seven
59%
Show
59%
Seem
57%
Should
54%
Shop
53%
Store
53%
Sure
53%
Someone
52%
Still
52%
Something
51%
School
50%
Sex
50%
Soon
50%
Song
49%
Speak
49%
Share
48%
State
48%
Sign
45%
Simple
45%
Sort
45%
Short
44%
Sport
44%
Seek
43%
Second
41%
Spend
41%
Side
40%
Step
40%
Small
38%
Sound
38%
Street
37%
Such
37%
Score
36%
Spot
35%
Sample
34%
Serve
34%
Shoot
34%
Site
34%
Strong
34%
Search
33%
Since
33%
Scene
32%
Space
32%
Study
32%
Sense
31%
Similar
31%
Sometimes
31%
Story
31%
Special
30%
Size
29%
Speed
29%
Student
29%
Service
28%
Single
28%
Stock
28%
Suffer
28%
Support
28%
Style
27%
Several
26%
Station
26%
Science
25%
Season
25%
Stuff
25%
Suppose
25%
Separate
24%
Serious
24%
Series
23%
Skill
23%
Staff
23%
Surprise
23%
Situation
22%
Success
22%
Suggest
22%
System
22%
Section
21%
Stage
21%
Social
20%
Statement
20%
Strike
20%
Supply
20%
Simply
19%
Scheme
18%
Security
18%
Standard
18%
Society
17%
Subject
17%
Sector
15%
Source
15%
Species
15%
Successful
15%
Senior
14%
Specific
14%
Surface
13%
Sequence
12%
Struggle
12%
Solution
11%
Significant
10%
Structure
10%
Strategy
8%

Score Distribution

Percentile by Number Answered

Percent of People with Each Score

Your Score History

You have not taken this quiz